Quizzes
Events
Quiz Creation
Community
Videos
Private Events
Remove Ads
Sign In
Join for FREE
Feedback
Dark Mode
Quiz Categories
Sports
Geography
Music
Movies
Television
Just For Fun
Miscellaneous
History
Literature
Language
Science
Gaming
Entertainment
Religion
Holiday
For Kids
Quiz Lab
Recent
Popular Today
Quiz Kudos Today
Editor Picks
Curator Picks
Quizzes by...
Day
Popularity
Type
Ratings
Length
Year
Community
Subscriptions
Recent Discussions
Orange Saloon
Badges
Playlists
Quests
Create
Leaderboards
Showdown
Live 5
Trivia Bingo
Activity
Puzzle Library
Sporcle Events
Private Events
Virtual Trivia
Globe League
Become a Host
Pub Owners
SporcleCon
Opinionation
Our Games
Videos
Blog
Mobile Apps
Partnerships
Remove Ads and Go Orange
Feedback
Television
TV Characters
TV Show
Sitcom
Network
Friends
Reality Shows
Cast
South Park
Star Trek
The Simpsons
Doctor Who
Television
TV Characters
TV Show
Sitcom
Network
Friends
Reality Shows
Cast
South Park
Star Trek
The Simpsons
Doctor Who
Random Quiz
Search Sporcle
×
Quiz Lab
Quiz Lab
Television
TV Characters
Type in answers that appear in a list
Type in answers that appear in a list
Classic
Best Score? Go Orange.
Profile: Jack (Torchwood) Stats
Can you name the information about Torchwood's Jack Harkness?
By
Fru
6m
38 Questions
3,008 Plays
3,008 Plays
3,008 Plays
Comments
Comments
Give Quiz Kudos
Give Quiz Kudos
-
- Ratings
hide this ad
Replay
Link that replays current quiz
Next Quiz
Link to next quiz in quiz playlist
You Got
0%
They Got
Avg Score
54%
Avg Friend Score
Upgrade to see
Score Distribution
Jump to the score distribution portion of the page
Score
0/38
Timer
06:00
0
Plays Today
Clue
Answer
% Correct
Full Name/
Title
Captain Jack Harkness
92.4%
Portrayed By
John Barrowman
90%
Leader Of This Organisation
Torchwood Three
85.8%
Team Member (Season 1 -
Present)
Gwen Cooper
83.2%
Team Member (Season 1 -
3)
Ianto Jones
81.3%
Team Member (Season 1 -
2)
Owen Harper
79.6%
Chief Ally
The Doctor
76.2%
Team Member (Season 1 -
2)
Toshiko Sato
74.8%
Chief Ally
Rose Tyler
71.9%
Name Of Any Episode Of 'Doctor Who' Featuring Jack
The Empty Child...
70.2%
Primary Objective Is To Monitor And Police This Supernatural Portal
The Cardiff Rift
70.1%
Chief Ally
Martha Jones
69.2%
Century Of Origin
51st Century
65.2%
Hometown Nickname
The Face Of Boe
64.9%
Cherishes This Bubbling Item Throughout Season 1 Of Torchwood
The Doctor's Hand
62.9%
Brother
Gray
61.5%
Possesses This 'Superpower' (Pre-
Season 4)
Immortality
59.6%
Received His Power From This Woman/
Entity
The Bad Wolf
59.4%
Originally Affiliated With This Organisation
The Time Agency
59.2%
Clue
Answer
% Correct
Team Member (Season 2 -
Present)
Rhys Williams
52.9%
Lover/
Rival/
Partner From The Above Organisation
Captain John Hart
51.4%
Gifted 12 'Children Of Earth' To This Codenamed Alien In 1965
The 456
50.2%
Frequently Employed Drug, Used To Induce Short-
Term Amnesia
Retcon
48.1%
Name Of The Event That Has Stripped Him Of His Gift
Miracle Day
48.1%
Wrist-
Mounted Time-
Travel Device
Vortex Manipulator
46.5%
Pet Weevil
Janet
43.4%
Left The Above Organisation After Having These Stolen From Him
Two Years Of His Life
43%
Place Of Origin
The Boeshane Peninsula
39.6%
Received His Power Upon This Space Station
Satellite Five
39.5%
Daughter
Alice Carter
38.1%
Grandson
Steven Carter
38%
Firearm Of Choice
Webley Mk IV Revolver
36.1%
Imprisoned Upon This Airship During 'The Year That Never Was'
The Valiant
34.1%
Used His Unique Gift To Vanquish This Biblical Beast
Abaddon
27.1%
Pet Pteranodon
Myfanwy
25.3%
Any Nickname Or Alias Used Onscreen To Date
Jumping Jack Flash...
24.9%
Briefly Joined A Carnival Sideshow To Investigate These Unearthly Terrors
The Night Travellers
12.8%
Modified This Object To Be Capable Of Destroying A Dalek
The Defabricator
11.8%
Quiz Playlist
Details
Report
Send in Message
Add To Playlist
Classic:
Type in answers that appear in a list
Last Updated: Feb 16, 2017
Quiz Scoreboard
CHALLENGE
Sign Up to Join the Scoreboard
Show All
Scores
Hide
Comments
May contain spoilers
Recently Published
Alphabetical 'K' Countries by Flag Minefield
by ylime102
Geography
3m
Pick 6: Fruits
by JohnFran
Miscellaneous
15s
Click the 1999 NBA Draft
by nibperrychub
Sports
2m
More to Explore
Quiz From the Vault
Featured Blog Post
15 Basketball Trivia Facts You Can Be March Mad About
hide this ad
You Might Also Like...
Tags
Doctor Who Quiz
TV Characters Quiz
jack
profile
Torchwood
Today's Top Quizzes in Television
Browse Television
hide this ad
Today's Top Quizzes in TV Characters
Browse TV Characters
Top Contributed Quizzes in Television
1
Hidden Simpsons Character
2
First Name TV: Leading Men
3
Hidden Simpsons Character II
4
Hidden Simpsons Character III
5
First Name TV: Leading Women Drama
6
Hidden Simpsons Character IV
7
Hidden Simpsons Character V
8
Hidden Simpsons Character VI
9
Hidden Simpsons Character VII
10
Pick A Pair: Religious TV
Explore More
Trending Topics
Crossword
Kpop
Disney
Harry Potter
Marvel
NBA
Anime
Soccer
WWE
The Office
NFL
Country
Puzzle
Song
Pokémon
hide this ad
More By:
Fru
Quiz
Plays
Rating
Category
Featured
Created
Video Game by First Level
3,359
4.50
Gaming
Mar 7, 2023
Profile: Jack (Torchwood)
3,008
4.38
Television
Aug 14, 2011
Profile: The Doctor (9th-11th)
2,616
4.00
Television
Aug 27, 2011
Odd... but True?
2,404
4.67
Miscellaneous
Mar 9, 2020
Wrestling Move by Basic Name
2,247
4.60
Sports
Jun 22, 2012
Go to Creator's Profile
Score Distribution
Quiz Creator Spotlight
Fru
Follow
Send a Message
Quizzes Created
-
Created Quiz Play Count
-
More By This Creator
Popular Quizzes Today
1
Find the US States - No Outlines Minefield
2
Pick 6: Fruits
3
Countries of Asia Without Outlines Minefield
4
Alphabetical 'K' Countries by Flag Minefield
5
The Countries of the World
6
Match the Book to the Film X
7
Click the 1999 NBA Draft
8
NBA Logic Puzzle
More Television Quizzes
Michaels on TV
Published
Trending Quizzes
Donkey Kong Minefield
Multiplication Danger Zone
DC Extended Universe: Oldest to Newest
The 3rd Thing You Need to Know: Actresses
Minefield Map: North American Capitals
Recently Updated
Women's Final Four Teams by Year
bhenderson79
Presidents Quartet II
eogle
Anything But Clue(do)
eogle
Anything But Oceanian Capitals
eogle
Anything But 7
eogle
Anything But Thing
eogle
Word Ladder: February 29
pecheneg
Song Title Questions
pecheneg
Women's NCAA Tournament #1 Seeds
pecheneg
Celebrity Mug Shots
pecheneg
Trending Topics
NBA
Disney
Crossword
Anime
Harry Potter
Marvel
Kpop
Soccer
Song
NFL
Puzzle
Country
The Office
WWE
Pokémon
Your Account Isn't Verified!
In order to create a playlist on Sporcle, you need to verify the email address you used during registration. Go to your
Sporcle Settings
to finish the process.
Report this User
Report this user for behavior that violates our
Community Guidelines
.
Details:
Send Report
Go to the Sporcle.com Mobile Site →
Comments